| 000 | 01393cam a2200313 a 4500 | ||
|---|---|---|---|
| 999 |
_c6594 _d6594 |
||
| 003 | OSt | ||
| 005 | 20200225105954.0 | ||
| 008 | 081029s2007 ck fr 000 0dspa d | ||
| 015 | _aSSN | ||
| 020 | _a9789586484848 | ||
| 040 |
_aCO-BoPUJ _cCO-JMCR |
||
| 041 | 0 | _aspa | |
| 082 | 0 | 4 |
_a614.85 / _bH493c |
| 100 | 1 |
_aHenao Robledo, Fernando, _eautor _9908 |
|
| 245 | 1 | 0 |
_aCodificación en salud ocupacional / _cFernando Henao Robledo |
| 250 | _aPrimera edición | ||
| 260 |
_aBogotá : _bEcoe Ediciones, _c2007. |
||
| 300 |
_aviii, 305 páginas : _bilustraciones, diagramas y tablas a blanco y negro ; _c24 cm. |
||
| 490 |
_aColección textos universitarios ; _vÁrea ingeniería, arquitectura e informática |
||
| 500 | _aIncluye datos biográficos del autor en solapa frontal. | ||
| 504 | _aIncluye referencias bibliográficas. | ||
| 520 | _aEl procedimiento para conocer y aislar fuentes de lesiones puede ser tan sencillo como observar el deterioro del piso de un área de trabajo, o tan complejo como la determinación de la causa o causas de una secuencia en cadena de lesiones, cada una de ellas relacionada con la anterior. | ||
| 650 | 1 | 4 |
_aSalud ocupacional _9891 |
| 650 | 2 | 4 |
_aAccidentes de trabajo _9901 |
| 650 | 2 | 4 |
_aRiesgos laborales _9902 |
| 650 | 2 | 4 |
_aSeguridad industrial _9903 |
| 942 |
_2ddc _cBK |
||